Nghiên cứu chiết tách và xác định thành phần một số hợp chất hữu cơ trong dịch chiết từ lá cây hoàn ngọc được lấy ở Quận Liên Chiểu- Đà Nẵng

Nghiên cứu quá trình chiết tách các hợp chất hóa học từ lá hoàn ngọc. Xác định thành phần hóa học và cấu trúc của các hợp chất trong lá hoàn ngọc.

محفوظ في:
التفاصيل البيبلوغرافية
المؤلف الرئيسي: Phạm Thị Bích Ngọc
مؤلفون آخرون: Trần Đức Mạnh (Hướng dẫn)
التنسيق: كتاب
منشور في: Đà Nẵng Đại học Sư phạm, Đại học Đà Nẵng 2012
الموضوعات:
الوسوم: إضافة وسم
لا توجد وسوم, كن أول من يضع وسما على هذه التسجيلة!
Thư viện lưu trữ: Mạng thư viện Đại học Đà Nẵng
LEADER 01926nam a2200337 4500
001 000017571
003 13990
005 20130510100523.0
008 130425s2012 sd
082 |a 615.19  |b PH-N 
100 1 |a Phạm Thị Bích Ngọc 
245 |a Nghiên cứu chiết tách và xác định thành phần một số hợp chất hữu cơ trong dịch chiết từ lá cây hoàn ngọc được lấy ở Quận Liên Chiểu- Đà Nẵng  |c Phạm Thị Bích Ngọc ; Trần Đức Mạnh hướng dẫn  |k Khóa luận tốt nghiệp 
260 |a Đà Nẵng  |b Đại học Sư phạm, Đại học Đà Nẵng  |c 2012 
300 |a 48 tr., phụ lục 2 tr.  |b Hình mh.  |c 29 cm.  |e Đĩa CD, bản tóm tắt 
500 |a Khóa luận tốt nghiệp đại học. Chuyên ngành: Cử nhân Hóa Dược 
504 |a Mục lục đầu trang, tài liệu tham khảo tr. 73 - 74, phụ lục [13 tr.] 
520 |a Nghiên cứu quá trình chiết tách các hợp chất hóa học từ lá hoàn ngọc. Xác định thành phần hóa học và cấu trúc của các hợp chất trong lá hoàn ngọc. 
600 1 4 |b Vua  |c Đinh Tiên Hoàng 
650 0 4 |a Lá cây hoàn ngọc  |v Khóa luận tốt nghiệp  |x Nghiên cứu, chiết tách  |x Thành phần hóa học  |z Đà Nẵng 
653 |a Khoa Hóa học  |a Dịch chiết lá cây hoàn ngọc  |a Hợp chất hữu cơ 
700 |a Trần Đức Mạnh  |e Hướng dẫn 
OWN |a LSP 
AVA |a UDN50  |b LSP  |d 615.19 PH-N  |e available  |t Error 5001 Not defined in file expand_doc_bib_avail.  |f 1  |g 0  |h N  |i 0  |k 1 
999 |a From the UDN01 
AVA |a UDN50  |b LSP  |d 615.19 PH-N  |e available  |t Error 5001 Not defined in file expand_doc_bib_avail.  |f 1  |g 0  |h N  |i 0  |k 1 
TYP |a Monograph 
TYP |a Printed language 
980 |a Mạng thư viện Đại học Đà Nẵng